000 00507nam a2200181Ia 4500
008 191130s2006##################000#0#eng##
020 _a9780405712453
040 _aACL
_cACL
082 _a348.4204 WID
245 _aThe all England law reports 2006
_cedited by Karen Widdcombe
260 _aLondon
_bButterworth & Co
_c2006
300 _a1398 p.; 23 cm.
650 _aLaw- Reports
700 _aWiddicombe, Karen
990 _a30b7d633ac10000c77879bde29097ec6
991 _a403089
999 _c292590
_d292590